01055nam a2200253 a 450000100100000000500170001000800410002704000250006808200190009310000330011224501000014526000360024530000280028150000410030965000200035065000340037065000350040465000320043965000400047170000370051195201160054895201220066499900150078600000655920260224132158.0090901s1989 dr a 001 0 spa d aDO-SdBNPbspacBNPHU a616.044bB433l1 aBell Brens, Rafael I.91820510aLeccciones de clínica y medicina crítica /cRafael I. Bell Brens, Claudio Almonte Germán. aSanto Domingo :bCaribe,c1989. a577 p. :bil. ;c22 cm. aIncluye referencias bibliográficas 0aMedicina912481 4aEnfermedades cardiacas918206 4aEnfermedades crónicas918207 0aEnfermedades renales918208 0aEnfermedades de los pulmones9182091 aAlmonte Germán, Claudio918210 0010718PDaPDbPDcHDd2009-09-01iLF1l0o616.044 B433lp6559-10r2020-06-25w2020-06-25yLFPDZNo se presta 0010718PDaPDbPDcHDd2009-09-01iLF1l0o616.044 B433lp6559-20r2020-06-25te. 2w2020-06-25yLFPDZNo se presta c6350d6350